Países que terminan en "án", pero no "stán" - Estadísticas

Estadísticas generales
  • Esta prueba ha sido intentada 9.908 veces
  • La puntuación promedio es 3 de 6
Estadísticas de respuestas
País % Correcto
Irán
75%
Bután
63%
Azerbaiyán
60%
Omán
59%
Sudán
49%
Taiwán
38%
No se encontraron pruebas coincidentes
Distribución de puntuación
Porcentaje de gente con cada puntuación
Porcentaje por número respondido
Historial de tus puntuaciones
No has intentado esta prueba.